[Event "EU-ch U14 Girls"]
[Site "Bratislava"]
[Date "2019.08.10"]
[Round "9"]
[White "Anacoglu, Cisel"]
[Black "Kasaeva, Sofiia"]
[Result "1-0"]
[WhiteElo "1813"]
[BlackElo "1845"]
[PlyCount "129"]
[EventDate "2019.08.02"]
[EventType "swiss"]
[EventRounds "9"]
[EventCountry "SVK"]
[SourceTitle "EXT 2020"]
[Source "ChessBase"]
[SourceDate "2019.10.17"]
[SourceVersion "1"]
[SourceVersionDate "2019.10.17"]
[SourceQuality "1"]

1. e4 e5 2. Nf3 Nc6 3. Bb5 a6 4. Ba4 Nf6 5. 0-0 Be7 6. Re1 b5 7. Bb3 0-0 8. h3 d6 9. c3 Na5 10. Bc2 c5 11. d4 Nd7 12. Nbd2 exd4 13. cxd4 Nc6 14. d5 Nce5 15. Nxe5 Nxe5 16. a4 Rb8 17. axb5 axb5 18. f4 Ng6 19. Nf3 Bh4 20. Rf1 Bg3 21. f5 Ne5 22. Ng5 h6 23. f6 gxf6 24. Nf3 Kg7 25. Nxe5 Bxe5 26. Qh5 Rh8 27. Ra7 Bd7 28. Bf4 Ra8 29. Bxe5 dxe5 30. Rxa8 Qxa8 31. Qh4 Qd8 32. Qg3+ Kh7 33. Qf2 Rg8 34. Qxf6 Qxf6 35. Rxf6 Bxh3 36. Rxf7+ Kg6 37. Rf3 Bg4 38. Ra3 Rf8 39. Ra6+ Kg5 40. Ra7 Be2 41. Rg7+ Kh5 42. Kh2 Rf2 43. Kg3 Rf4 44. d6 Rf6 45. d7 Rd6 46. Re7 Kg5 47. Rxe5+ Kf6 48. Rxc5 Rxd7 49. Kf4 Bc4 50. b3 Bf1 51. e5+ Ke7 52. Be4 Rd4 53. Kf5 Bd3 54. Bxd3 Rxd3 55. Rxb5 Rg3 56. Rb7+ Kd8 57. Rh7 Rg5+ 58. Kf6 Rxg2 59. Rxh6 Rg3 60. b4 Rg4 61. b5 Rb4 62. Rh8+ Kc7 63. e6 Rb1 64. e7 Rf1+ 65. Kg5 1-0

[Event "EU-ch U14 Girls"]
[Site "Bratislava"]
[Date "2019.08.05"]
[Round "4"]
[White "Zavivaeva, Emilia"]
[Black "Kasaeva, Sofiia"]
[Result "0-1"]
[WhiteElo "1740"]
[BlackElo "1845"]
[PlyCount "56"]
[EventDate "2019.08.02"]
[EventType "swiss"]
[EventRounds "9"]
[EventCountry "SVK"]
[SourceTitle "EXT 2020"]
[Source "ChessBase"]
[SourceDate "2019.10.17"]
[SourceVersion "1"]
[SourceVersionDate "2019.10.17"]
[SourceQuality "1"]

1. e4 e5 2. Nf3 Nc6 3. Nc3 Nf6 4. d4 Bb4 5. Bg5 exd4 6. Nxd4 h6 7. Nxc6 bxc6 8. Bh4 g5 9. Bg3 Nxe4 10. Qd4 Bxc3+ 11. bxc3 0-0 12. Bd3 d5 13. Bxe4 dxe4 14. Qxd8 Rxd8 15. Bxc7 Rd7 16. Be5 Ba6 17. h4 g4 18. h5 Rd5 19. Bf4 Kh7 20. Be3 Rad8 21. f3 exf3 22. gxf3 Re8 23. Kf2 g3+ 24. Kxg3 Rxe3 25. Rae1 Rxc3 26. Re7 Rf5 27. Rxa7 Rcxf3+ 28. Kg2 Bf1+ 0-1

[Event "EU-ch U14 Girls"]
[Site "Bratislava"]
[Date "2019.08.02"]
[Round "1"]
[White "Kasaeva, Sofiia"]
[Black "Slusarczyk, Milena"]
[Result "1-0"]
[WhiteElo "1845"]
[BlackElo "1460"]
[PlyCount "97"]
[EventDate "2019.08.02"]
[EventType "swiss"]
[EventRounds "9"]
[EventCountry "SVK"]
[SourceTitle "EXT 2020"]
[Source "ChessBase"]
[SourceDate "2019.10.17"]
[SourceVersion "1"]
[SourceVersionDate "2019.10.17"]
[SourceQuality "1"]

1. e4 c5 2. Nf3 d6 3. d4 cxd4 4. Nxd4 Nf6 5. Nc3 a6 6. f3 e5 7. Nb3 Be6 8. Be3 Be7 9. Qd2 0-0 10. 0-0-0 a5 11. Kb1 a4 12. Nc1 Ra5 13. Qf2 Nbd7 14. g4 Qc8 15. Qe1 Qd8 16. h4 a3 17. b3 Nb8 18. h5 Nc6 19. g5 Ne8 20. Nd5 Ra8 21. g6 Nf6 22. Bc4 Bxd5 23. exd5 Nb8 24. gxh7+ Kxh7 25. Bd3+ Kh8 26. Bd2 Nbd7 27. f4 Nxd5 28. f5 Rg8 29. h6 g5 30. Ne2 f6 31. Nc3 Nxc3+ 32. Bxc3 Kh7 33. Bc4 Rf8 34. Qe4 Nc5 35. Qf3 Qc8 36. Bb4 b6 37. Bd5 Ra7 38. Bc6 Qc7 39. Qh5 Bd8 40. Bb5 Qe7 41. Bc4 Bc7 42. Qg6+ Kh8 43. Rh2 Qh7 44. Qg7+ Qxg7 45. hxg7+ Kxg7 46. Rdh1 Rg8 47. Bxg8 Kxg8 48. Rh8+ Kf7 49. R1h7# 1-0

[Event "Moscow Time of the First U15 Girls"]
[Site "Moscow"]
[Date "2019.06.20"]
[Round "5"]
[White "Kasaeva, Sofiia"]
[Black "Dvoeglazova, Daria"]
[Result "0-1"]
[WhiteElo "1890"]
[BlackElo "1244"]
[PlyCount "130"]
[EventDate "2019.06.17"]
[EventType "swiss"]
[EventRounds "9"]
[EventCountry "RUS"]
[SourceTitle "EXT 2021"]
[Source "ChessBase"]
[SourceDate "2020.10.23"]
[SourceVersion "1"]
[SourceVersionDate "2020.10.23"]
[SourceQuality "1"]

1. e4 d5 2. exd5 Nf6 3. Nf3 Nxd5 4. d4 Bf5 5. Bd3 Bg6 6. c4 Nb6 7. 0-0 e6 8. Nc3 Bxd3 9. Qxd3 c5 10. d5 Be7 11. Bf4 0-0 12. Nb5 exd5 13. Nc7 dxc4 14. Qxd8 Rxd8 15. Nxa8 Nxa8 16. Rad1 Nc6 17. Rxd8+ Nxd8 18. Re1 Kf8 19. Ng5 Bxg5 20. Bxg5 Ne6 21. Be3 Nac7 22. Rd1 Ke7 23. f4 f5 24. Kf2 g6 25. h3 Na6 26. a3 Nac7 27. g4 b5 28. Kf3 a5 29. h4 fxg4+ 30. Kxg4 h5+ 31. Kf3 b4 32. Rc1 Nb5 33. Rxc4 bxa3 34. bxa3 Kd6 35. Ra4 Ned4+ 36. Bxd4 Nxd4+ 37. Ke4 Nb3 38. Kd3 Kd5 39. Rc4 Nd4 40. Rc1 Nf5 41. Re1 Nxh4 42. Re5+ Kd6 43. Kc4 Nf3 44. Rd5+ Ke6 45. Rxc5 h4 46. Kd3 h3 47. Rc1 h2 48. Rh1 Kf5 49. Ke3 Kg4 50. Kf2 Kxf4 51. Kg2 g5 52. Rc1 g4 53. Rc4+ Kf5 54. Rc5+ Ke4 55. Rxa5 g3 56. Ra4+ Ke3 57. Rg4 Ne1+ 58. Kh1 Kf3 59. Rg8 Nd3 60. Rf8+ Ke4 61. Re8+ Kf5 62. Rh8 Kf4 63. a4 Kf3 64. Rf8+ Ke2 65. Re8+ Kf1 0-1

[Event "Moscow Time of the First U15 Girls"]
[Site "Moscow"]
[Date "2019.06.17"]
[Round "1"]
[White "Kasaeva, Sofiia"]
[Black "Kastanieda, Alla"]
[Result "1-0"]
[WhiteElo "1890"]
[BlackElo "1339"]
[PlyCount "57"]
[EventDate "2019.06.17"]
[EventType "swiss"]
[EventRounds "9"]
[EventCountry "RUS"]
[SourceTitle "EXT 2021"]
[Source "ChessBase"]
[SourceDate "2020.10.23"]
[SourceVersion "1"]
[SourceVersionDate "2020.10.23"]
[SourceQuality "1"]

1. e4 e6 2. d4 d5 3. Nd2 c5 4. Ngf3 Nf6 5. exd5 exd5 6. Bb5+ Bd7 7. Qe2+ Be7 8. Bxd7+ Nbxd7 9. 0-0 0-0 10. dxc5 Nxc5 11. Nb3 Nce4 12. Bf4 Rc8 13. Rad1 Qb6 14. Nfd4 Bc5 15. Nxc5 Rxc5 16. c3 Re8 17. Be3 Rcc8 18. Nf5 Qd8 19. Qf3 Kh8 20. Bd4 Rg8 21. Rfe1 Rc6 22. Qf4 Nh5 23. Nh6 Rxh6 24. Qxh6 Nhf6 25. Qf4 g5 26. Qf5 Rg6 27. c4 Kg8 28. cxd5 b6 29. Rxe4 1-0

[Event "Moscow-ch final (Women)"]
[Site "Moscow"]
[Date "2019.04.04"]
[Round "6"]
[White "Kasaeva, Sofiia"]
[Black "Zotova, Anastasia"]
[Result "1/2-1/2"]
[WhiteElo "1960"]
[BlackElo "2148"]
[PlyCount "80"]
[EventDate "2019.03.30"]
[EventType "swiss"]
[EventRounds "9"]
[EventCountry "RUS"]
[SourceTitle "CBM 189 Extra"]
[Source "ChessBase"]
[SourceDate "2019.06.03"]
[SourceVersion "1"]
[SourceVersionDate "2019.06.03"]
[SourceQuality "1"]

1. e4 c5 2. Nf3 d6 3. d4 cxd4 4. Nxd4 Nf6 5. Nc3 a6 6. f3 e5 7. Nb3 Be6 8. Be3 Nbd7 9. Qd2 Be7 10. 0-0-0 Nb6 11. g4 Rc8 12. h4 Qc7 13. h5 h6 14. Kb1 Nc4 15. Bxc4 Bxc4 16. Rdg1 b5 17. Qf2 b4 18. Na4 Rb8 19. Nb6 Be6 20. Rd1 Qc6 21. Rhf1 Bd8 22. Nd5 Nxd5 23. exd5 Bxd5 24. f4 Rc8 25. Rd2 Be7 26. fxe5 dxe5 27. Qf5 Bxb3 28. axb3 Qe6 29. Qxe6 fxe6 30. Bb6 Rc6 31. Ba5 Rf8 32. Rxf8+ Kxf8 33. Re2 Kf7 34. Rf2+ Ke8 35. Re2 Kf7 36. Rf2+ Ke8 37. Re2 Kf7 38. Rf2+ Ke8 39. Re2 Kf7 40. Rf2+ Ke8 1/2-1/2

[Event "Moscow-ch final (Women)"]
[Site "Moscow"]
[Date "2019.04.01"]
[Round "3"]
[White "Kasaeva, Sofiia"]
[Black "Kruglikova, Viktorija"]
[Result "1-0"]
[WhiteElo "1960"]
[BlackElo "1786"]
[PlyCount "119"]
[EventDate "2019.03.30"]
[EventType "swiss"]
[EventRounds "9"]
[EventCountry "RUS"]
[SourceTitle "CBM 189 Extra"]
[Source "ChessBase"]
[SourceDate "2019.06.03"]
[SourceVersion "1"]
[SourceVersionDate "2019.06.03"]
[SourceQuality "1"]

1. e4 c5 2. Nf3 Nc6 3. d4 cxd4 4. Nxd4 Nf6 5. Nc3 e6 6. Ndb5 Bb4 7. a3 Bxc3+ 8. Nxc3 d5 9. exd5 exd5 10. Bd3 0-0 11. 0-0 d4 12. Ne2 Re8 13. Bg5 Bg4 14. f3 Bh5 15. Ng3 Bg6 16. Ne4 Ne5 17. Qe1 Qb6 18. Bxf6 Nxd3 19. cxd3 gxf6 20. Qh4 Re6 21. b4 f5 22. Nc5 Rd6 23. Qe7 f4 24. Rac1 Qd8 25. Qxd8+ Rdxd8 26. Nxb7 Bxd3 27. Nxd8 Bxf1 28. Nxf7 Bxg2 29. Nh6+ Kg7 30. Kxg2 Kxh6 31. Rc6+ Kg5 32. Rd6 Rc8 33. Rxd4 Rc2+ 34. Kh3 Rc3 35. Rd5+ Kf6 36. Kg4 Rxa3 37. Rf5+ Kg6 38. Ra5 Rc3 39. Ra6+ Kg7 40. Rxa7+ Kg6 41. Ra6+ Kg7 42. b5 Rc4 43. b6 Rb4 44. Kf5 Kh6 45. b7+ Kh5 46. Ra7 h6 47. Ke6 Kh4 48. Kd6 Kh3 49. Kc7 Kxh2 50. Ra6 h5 51. Rb6 Rxb6 52. Kxb6 Kg3 53. b8Q Kxf3 54. Qc8 Kg3 55. Qg8+ Kf2 56. Kc5 h4 57. Qg4 f3 58. Kd4 h3 59. Qxh3 Ke2 60. Qg4 1-0

[Event "Moscow-ch final (Women)"]
[Site "Moscow"]
[Date "2019.03.30"]
[Round "1"]
[White "Kasaeva, Sofiia"]
[Black "Komarova, Viktoria"]
[Result "1-0"]
[WhiteElo "1960"]
[BlackElo "1567"]
[PlyCount "89"]
[EventDate "2019.03.30"]
[EventType "swiss"]
[EventRounds "9"]
[EventCountry "RUS"]
[SourceTitle "CBM 189 Extra"]
[Source "ChessBase"]
[SourceDate "2019.06.03"]
[SourceVersion "1"]
[SourceVersionDate "2019.06.03"]
[SourceQuality "1"]

1. e4 c5 2. Nf3 d6 3. d4 cxd4 4. Nxd4 Nf6 5. Nc3 Nc6 6. Bg5 Bd7 7. Qd2 Rc8 8. f4 Qb6 9. Nb3 Be6 10. 0-0-0 Ng4 11. f5 Bxb3 12. axb3 Qa5 13. Kb1 g6 14. h3 Nge5 15. f6 e6 16. Bh6 Bxh6 17. Qxh6 a6 18. Rxd6 Qc5 19. Rd2 Rd8 20. Rxd8+ Kxd8 21. Be2 Qf8 22. Qe3 Qb4 23. Rd1+ Kc7 24. Qh6 Qf8 25. Qf4 h6 26. Nd5+ Kb8 27. Ne7 Ka8 28. b4 Qb8 29. b5 Nxe7 30. fxe7 Re8 31. Rd8 Rxd8 32. exd8Q Qxd8 33. Qxe5 Qd2 34. b6 Qd8 35. Qc7 Qb8 36. Qxf7 a5 37. Qxe6 Qd8 38. Bd3 Kb8 39. Qxg6 Qf8 40. e5 a4 41. e6 Kc8 42. Qf7 Qd8 43. e7 a3 44. Bf5+ Qd7 45. Qe8# 1-0

[Event "RUS Cup U15 Girls final"]
[Site "Bryansk"]
[Date "2019.01.06"]
[Round "3"]
[White "Kasaeva, Sofiia"]
[Black "Mironenko, Galina"]
[Result "1/2-1/2"]
[WhiteElo "1856"]
[BlackElo "1975"]
[PlyCount "163"]
[EventDate "2019.01.04"]
[EventType "tourn"]
[EventRounds "7"]
[EventCountry "RUS"]
[SourceTitle "CBM 189 Extra"]
[Source "ChessBase"]
[SourceDate "2019.06.03"]
[SourceVersion "1"]
[SourceVersionDate "2019.06.03"]
[SourceQuality "1"]

1. e4 c5 2. Nf3 Nc6 3. d4 cxd4 4. Nxd4 g6 5. Nc3 Bg7 6. Be3 Nf6 7. Bc4 Qa5 8. 0-0 0-0 9. Nb3 Qc7 10. f4 d6 11. Be2 a6 12. a4 Be6 13. Nd4 Nxd4 14. Bxd4 Rac8 15. a5 Bc4 16. Bd3 Nd7 17. Bxg7 Kxg7 18. Kh1 b5 19. Rf3 Nf6 20. Rf2 Qc5 21. Rf1 b4 22. Ne2 Ng4 23. Bxc4 Ne3 24. Qd3 Nxc4 25. b3 Ne3 26. Rfc1 Ng4 27. Qd4+ Qxd4 28. Nxd4 Nf2+ 29. Kg1 Nxe4 30. Re1 d5 31. Ra4 Rc5 32. Rxb4 Rxa5 33. Nc6 Rc5 34. Nxe7 Nf6 35. c4 Re8 36. Kf1 d4 37. Rb6 d3 38. Rd6 Rc7 39. Nd5 d2 40. Rd1 Nxd5 41. Rxd5 Re3 42. R1xd2 Rxb3 43. Rc2 Rb4 44. Rd6 Rcxc4 45. Rxc4 Rxc4 46. Rxa6 Rxf4+ 47. Ke2 g5 48. Ke3 f6 49. Ra2 Kg6 50. g3 Rb4 51. h3 Rb1 52. Kf3 Rb3+ 53. Kg2 Rb6 54. Rf2 f5 55. Kh2 Kf6 56. Kg2 Re6 57. Kf3 Re1 58. Ra2 Re6 59. Rf2 Rc6 60. Kg2 Rc3 61. Kh2 Re3 62. Kg2 h5 63. Ra2 Re6 64. Rb2 f4 65. gxf4 gxf4 66. Rb5 Re5 67. Rb8 Kf5 68. Kf3 Re3+ 69. Kg2 Rg3+ 70. Kh2 Re3 71. Kg2 Kg5 72. Rb5+ Kh4 73. Rb4 Rg3+ 74. Kf2 Kxh3 75. Rxf4 Rg2+ 76. Kf3 Ra2 77. Rf8 h4 78. Rh8 Ra7 79. Rf8 Rg7 80. Rf4 Rg3+ 81. Kf2 Ra3 82. Rf3+ 1/2-1/2

[Event "RUS Cup U15 Girls final"]
[Site "Bryansk"]
[Date "2019.01.04"]
[Round "1"]
[White "Kasaeva, Sofiia"]
[Black "Zaripova, Arina"]
[Result "1-0"]
[WhiteElo "1856"]
[BlackElo "1688"]
[PlyCount "79"]
[EventDate "2019.01.04"]
[EventType "tourn"]
[EventRounds "7"]
[EventCountry "RUS"]
[SourceTitle "CBM 189 Extra"]
[Source "ChessBase"]
[SourceDate "2019.06.03"]
[SourceVersion "1"]
[SourceVersionDate "2019.06.03"]
[SourceQuality "1"]

1. e4 c5 2. Nf3 d6 3. d4 cxd4 4. Nxd4 Nf6 5. Nc3 a6 6. f3 e5 7. Nb3 h5 8. Be3 Be6 9. Nd5 Nbd7 10. c4 Rc8 11. Be2 h4 12. Qd2 Bxd5 13. exd5 Be7 14. Na5 Qc7 15. b4 e4 16. f4 Ng8 17. Nb3 f5 18. Nd4 Bf6 19. Ne6 Qb8 20. Rc1 Ne7 21. c5 Kf7 22. Bc4 Kg6 23. 0-0 a5 24. Bb5 Nf8 25. cxd6 Rxc1 26. Rxc1 Qxd6 27. Bc5 Qb8 28. Nxf8+ Rxf8 29. d6 Nc6 30. bxa5 Bd8 31. a6 Ba5 32. Qd5 b6 33. Ba3 Nb4 34. Qe6+ Rf6 35. Qe8+ Qxe8 36. Bxe8+ Kh7 37. Bxb4 Bxb4 38. a7 Bc5+ 39. Rxc5 bxc5 40. a8Q 1-0

[Event "Wch U14 Girls"]
[Site "Porto Carras"]
[Date "2018.10.29"]
[Round "10.26"]
[White "Kasaeva, Sofiia"]
[Black "Alimova, Sevinch"]
[Result "1-0"]
[WhiteElo "1874"]
[BlackElo "1596"]
[PlyCount "119"]
[EventDate "2018.10.20"]
[EventType "swiss"]
[EventRounds "11"]
[EventCountry "GRE"]
[SourceTitle "CBM 187 Extra"]
[Source "ChessBase"]
[SourceDate "2018.11.04"]
[SourceVersion "1"]
[SourceVersionDate "2018.11.04"]
[SourceQuality "1"]

1. e4 c5 2. Nf3 Nc6 3. d4 cxd4 4. Nxd4 e5 5. Nb5 a6 6. Nd6+ Bxd6 7. Qxd6 Qf6 8. Qd2 Nge7 9. c4 Qg6 10. f3 0-0 11. Bd3 d6 12. 0-0 f5 13. exf5 Bxf5 14. Bxf5 Nxf5 15. Nc3 Nfd4 16. Qd1 Rf7 17. Bd2 Raf8 18. Kh1 Nf5 19. Qe1 Ncd4 20. Rc1 Ne6 21. Nd5 Nc5 22. Rb1 Nd4 23. Qh4 Nf5 24. Qe1 Nd3 25. Qe2 Nh4 26. Be3 Kh8 27. Nc3 Nf4 28. Bxf4 exf4 29. Nd5 Qh6 30. Kg1 Nf5 31. Qf2 Re8 32. Rfe1 Rff8 33. Rxe8 Rxe8 34. Re1 Qg6 35. Nxf4 Qf7 36. Rxe8+ Qxe8 37. Qe2 Qxe2 38. Nxe2 Kg8 39. Kf2 Kf7 40. g4 Ne7 41. Nc3 Ke6 42. Ke3 Nc6 43. f4 g6 44. Nd5 a5 45. b3 Nd8 46. Ke4 Nf7 47. f5+ gxf5+ 48. gxf5+ Kd7 49. Nf6+ Ke7 50. Nxh7 Ne5 51. h4 Ng4 52. Kf4 Nh6 53. Kg5 Nf7+ 54. Kg6 Ne5+ 55. Kg7 Nf7 56. f6+ Ke8 57. Ng5 Ne5 58. f7+ Nxf7 59. Nxf7 Ke7 60. h5 1-0

[Event "Wch U14 Girls"]
[Site "Porto Carras"]
[Date "2018.10.21"]
[Round "2"]
[White "Kasaeva, Sofiia"]
[Black "Galvan Cipriani, Viviana"]
[Result "1/2-1/2"]
[WhiteElo "1874"]
[BlackElo "2109"]
[PlyCount "73"]
[EventDate "2018.10.20"]
[EventType "swiss"]
[EventRounds "11"]
[EventCountry "GRE"]
[SourceTitle "CBM 187 Extra"]
[Source "ChessBase"]
[SourceDate "2018.11.04"]
[SourceVersion "1"]
[SourceVersionDate "2018.11.04"]
[SourceQuality "1"]

1. e4 c5 2. Nc3 Nc6 3. Nge2 e5 4. Nd5 g6 5. Nec3 a6 6. d3 Bg7 7. Bg5 f6 8. Be3 d6 9. a4 Be6 10. Be2 Rb8 11. 0-0 Nh6 12. Qd2 Ng4 13. Bxg4 Bxg4 14. f4 exf4 15. Rxf4 Be6 16. Rf2 0-0 17. Bh6 b5 18. Bxg7 Kxg7 19. Nf4 Bf7 20. axb5 axb5 21. Raf1 Ne7 22. Rf3 b4 23. Ncd5 Nxd5 24. exd5 g5 25. Ne6+ Bxe6 26. dxe6 Qe7 27. Qe3 Rbe8 28. Re1 f5 29. d4 f4 30. Qe4 cxd4 31. Qxd4+ Rf6 32. Rd3 Rd8 33. Rb3 Rc8 34. Qe4 Re8 35. Qd4 Rc8 36. Qe4 Re8 37. Qd4 1/2-1/2

[Event "RUS-ch rapid (Women)"]
[Site "Sochi"]
[Date "2017.10.01"]
[Round "9"]
[White "Belenkaya, Dina"]
[Black "Kasaeva, Sofiia"]
[Result "1-0"]
[WhiteElo "2346"]
[BlackElo "1796"]
[PlyCount "61"]
[EventDate "2017.09.30"]
[EventType "swiss (rapid)"]
[EventRounds "11"]
[EventCountry "RUS"]
[SourceTitle "EXT 2018"]
[Source "ChessBase"]
[SourceDate "2017.10.13"]
[SourceVersion "1"]
[SourceVersionDate "2017.10.13"]
[SourceQuality "1"]

1. e4 c5 2. Nf3 e6 3. c4 a6 4. Nc3 Qc7 5. Be2 d6 6. d4 cxd4 7. Nxd4 Nf6 8. 0-0 Be7 9. Be3 0-0 10. Rc1 Nbd7 11. b4 b6 12. Nb3 Bb7 13. f3 Rac8 14. Kh1 Rfd8 15. Qd2 Qb8 16. Rfd1 d5 17. exd5 Bxb4 18. dxe6 fxe6 19. Qb2 Qe5 20. Bd4 Qf4 21. Bg1 Nh5 22. Ne4 Ndf6 23. Nd4 Bxe4 24. Qxb4 Rxd4 25. Bxd4 Qh4 26. Qe1 Qg5 27. fxe4 Nf4 28. Bf3 N6h5 29. Be3 Qg6 30. Bxf4 Nxf4 31. Qg3 1-0

[Event "EU School-ch U15 Girls"]
[Site "Budva"]
[Date "2017.06.16"]
[Round "6"]
[White "Tahirova, Sevil"]
[Black "Kasaeva, Sofiia"]
[Result "1-0"]
[WhiteElo "1682"]
[BlackElo "1695"]
[PlyCount "77"]
[EventDate "2017.06.11"]
[EventType "swiss"]
[EventRounds "9"]
[EventCountry "MNE"]
[SourceTitle "EXT 2024"]
[Source "ChessBase"]
[SourceDate "2023.10.10"]
[SourceVersion "1"]
[SourceVersionDate "2023.10.10"]
[SourceQuality "1"]

1. e4 e5 2. Nf3 Nc6 3. d4 exd4 4. Bc4 Bb4+ 5. c3 dxc3 6. bxc3 Bd6 7. 0-0 Nge7 8. Ng5 Ne5 9. Bb3 0-0 10. Qh5 h6 11. Nh3 N7c6 12. Bxh6 Qf6 13. Bg5 Qg6 14. Qh4 Nd3 15. Bc2 Nc5 16. f4 f6 17. Na3 fxg5 18. Nxg5 Qh6 19. Qg4 Be7 20. Nb5 d5 21. Qg3 dxe4 22. Nxc7 Rb8 23. Nd5 Bxg5 24. fxg5 Rxf1+ 25. Rxf1 Qe6 26. g6 Bd7 27. Nf4 Qg4 28. Qe3 b6 29. h3 Qh4 30. g3 Qe7 31. Nd5 Qe5 32. Nf4 Rf8 33. Rd1 Rd8 34. Rd5 Qf6 35. Qd2 Ne6 36. Rxd7 Rxd7 37. Qxd7 Nxf4 38. Qe8+ Qf8 39. Bb3+ 1-0

[Event "RUS-chT U14 Girls"]
[Site "Sochi"]
[Date "2017.05.10"]
[Round "7.4"]
[White "Asatryan, Maria"]
[Black "Kasaeva, Sofiia"]
[Result "1-0"]
[WhiteElo "1349"]
[BlackElo "1661"]
[PlyCount "115"]
[EventDate "2017.05.01"]
[EventType "team-tourn"]
[EventRounds "7"]
[EventCountry "RUS"]
[SourceTitle "CBM 178 Extra"]
[Source "ChessBase"]
[SourceDate "2017.06.22"]
[SourceVersion "1"]
[SourceVersionDate "2017.06.22"]
[SourceQuality "1"]

1. d4 d5 2. c4 e5 3. cxd5 Qxd5 4. dxe5 Qxd1+ 5. Kxd1 Nc6 6. Bf4 Bf5 7. Nc3 0-0-0+ 8. Kc1 Bc5 9. e4 Be6 10. f3 Nge7 11. Bb5 a6 12. Bxc6 Nxc6 13. Nge2 h6 14. h4 Bc4 15. Ng3 Nb4 16. Bd2 Nd3+ 17. Kc2 Nxb2 18. Nf5 Ba3 19. Bc1 g6 20. Ng3 Rhe8 21. Bxb2 Bxb2 22. Kxb2 Rd2+ 23. Ka3 Rxg2 24. Rhg1 Rf2 25. Kb4 Be6 26. Rgf1 Rb2+ 27. Ka3 Rd2 28. Rad1 Rh2 29. Rh1 Rf2 30. Rdf1 Rd2 31. Nge2 Red8 32. Rd1 R2d3 33. Kb2 Rxf3 34. Rxd8+ Kxd8 35. Nd4 Rf2+ 36. Ka3 c5 37. Nxe6+ fxe6 38. Rg1 b5 39. Kb3 Rf3 40. Kb2 b4 41. Nd1 g5 42. hxg5 hxg5 43. Rxg5 Rf4 44. Rg3 a5 45. Re3 a4 46. Re2 Kc7 47. Kc2 Rf8 48. Rd2 Rb8 49. Nb2 a3 50. Nc4 Rd8 51. Rxd8 Kxd8 52. Kb3 Kc7 53. Nxa3 Kc6 54. Nc4 Kb5 55. Nd6+ Kc6 56. Kc4 Kb6 57. Ne8 Kc6 58. Ng7 1-0

[Event "RUS-chT U14 Girls"]
[Site "Sochi"]
[Date "2017.05.07"]
[Round "5.4"]
[White "Kasaeva, Sofiia"]
[Black "Nur Mukhametova, Alisa"]
[Result "1-0"]
[WhiteElo "1661"]
[BlackElo "1699"]
[PlyCount "59"]
[EventDate "2017.05.01"]
[EventType "team-tourn"]
[EventRounds "7"]
[EventCountry "RUS"]
[SourceTitle "CBM 178 Extra"]
[Source "ChessBase"]
[SourceDate "2017.06.22"]
[SourceVersion "1"]
[SourceVersionDate "2017.06.22"]
[SourceQuality "1"]

1. e4 e6 2. d4 d5 3. Nd2 c5 4. exd5 Qxd5 5. Ngf3 cxd4 6. Bc4 Qd6 7. 0-0 Nc6 8. Nb3 Nf6 9. Nbxd4 Nxd4 10. Nxd4 a6 11. c3 Bd7 12. Qe2 0-0-0 13. Be3 Qc7 14. b4 Bd6 15. h3 Rhg8 16. b5 a5 17. b6 Qb8 18. Bb5 Rde8 19. Rfd1 g5 20. Bxd7+ Nxd7 21. Nb5 Be5 22. Qd2 Re7 23. Na7+ Kd8 24. Bc5 Rge8 25. Bxe7+ Rxe7 26. Qxg5 Ke8 27. Qg8+ Nf8 28. Rd3 f5 29. Rad1 Bg7 30. Nb5 1-0

[Event "RUS-chT U14 Girls"]
[Site "Sochi"]
[Date "2017.05.05"]
[Round "4.2"]
[White "Nikulina, Anastasiya"]
[Black "Kasaeva, Sofiia"]
[Result "0-1"]
[WhiteElo "1562"]
[BlackElo "1661"]
[PlyCount "34"]
[EventDate "2017.05.01"]
[EventType "team-tourn"]
[EventRounds "7"]
[EventCountry "RUS"]
[SourceTitle "CBM 178 Extra"]
[Source "ChessBase"]
[SourceDate "2017.06.22"]
[SourceVersion "1"]
[SourceVersionDate "2017.06.22"]
[SourceQuality "1"]

1. e4 e5 2. Nf3 Nc6 3. d4 exd4 4. Nxd4 Qf6 5. Nb5 Bc5 6. Qe2 Qd8 7. Be3 d6 8. N1c3 a6 9. Bxc5 dxc5 10. Na3 Nd4 11. Qd2 Be6 12. 0-0-0 Nf6 13. Qg5 Qe7 14. Qxg7 0-0-0 15. Kb1 Ng4 16. Nd5 Bxd5 17. Qxg4+ Be6 0-1

[Event "EU-ch U12 Girls 26th"]
[Site "Prague"]
[Date "2016.08.25"]
[Round "7"]
[White "Goraj, Barbara"]
[Black "Kasaeva, Sofiia"]
[Result "1-0"]
[WhiteElo "1619"]
[BlackElo "1514"]
[PlyCount "101"]
[EventDate "2016.08.18"]
[EventType "swiss"]
[EventRounds "9"]
[EventCountry "CZE"]
[SourceTitle "CBM 174 Extra"]
[Source "ChessBase"]
[SourceDate "2016.10.10"]
[SourceVersion "1"]
[SourceVersionDate "2016.10.10"]
[SourceQuality "1"]

1. e4 c5 2. Nf3 e6 3. d4 cxd4 4. Nxd4 a6 5. Bd3 Qc7 6. 0-0 Nc6 7. Nxc6 dxc6 8. Qe2 Bd7 9. Be3 Nf6 10. Nd2 c5 11. f4 Be7 12. c4 e5 13. f5 Rd8 14. h3 Qd6 15. Bc2 h5 16. Nf3 b5 17. Rfd1 Qc7 18. Rd2 Rb8 19. Bg5 bxc4 20. Bxf6 Bxf6 21. Qxc4 Rxb2 22. Rd5 0-0 23. Rxc5 Qb6 24. Kh1 Rb5 25. Rc7 Rb4 26. Qc3 Be8 27. Rd1 Rb2 28. a3 Qb8 29. g4 hxg4 30. hxg4 Rb7 31. Rc8 Qa7 32. g5 Be7 33. Qxe5 Qf2 34. Rc3 Rb2 35. Rd2 Qf1+ 36. Kh2 Rb7 37. f6 Rd7 38. fxe7 Rxd2+ 39. Nxd2 Qf2+ 40. Kh1 Qe1+ 41. Kg2 Qe2+ 42. Kg1 Qxd2 43. exf8Q+ Kxf8 44. Qc5+ Kg8 45. Qe3 Qd7 46. g6 Qg4+ 47. Qg3 Qxg6 48. Qxg6 fxg6 49. Bd3 a5 50. Rc5 a4 51. Bb5 1-0

[Event "EU-ch U12 Girls 26th"]
[Site "Prague"]
[Date "2016.08.24"]
[Round "6"]
[White "Kasaeva, Sofiia"]
[Black "Guillo Longares, Cecilia"]
[Result "1-0"]
[WhiteElo "1514"]
[BlackElo "1845"]
[PlyCount "95"]
[EventDate "2016.08.18"]
[EventType "swiss"]
[EventRounds "9"]
[EventCountry "CZE"]
[SourceTitle "CBM 174 Extra"]
[Source "ChessBase"]
[SourceDate "2016.10.10"]
[SourceVersion "1"]
[SourceVersionDate "2016.10.10"]
[SourceQuality "1"]

1. e4 c5 2. Nf3 Nc6 3. d4 cxd4 4. Nxd4 g6 5. Nxc6 bxc6 6. Qd4 Nf6 7. e5 Nd5 8. e6 Nf6 9. exf7+ Kxf7 10. Qc4+ e6 11. Bd3 Bg7 12. 0-0 Rf8 13. Nd2 Qc7 14. Nf3 d5 15. Qh4 e5 16. Ng5+ Kg8 17. Be2 Bf5 18. c3 Rae8 19. Re1 Bh8 20. Be3 c5 21. b4 cxb4 22. cxb4 d4 23. Rac1 Qe7 24. Bc4+ Kg7 25. Bxd4 h6 26. Nf3 Qxb4 27. Nxe5 Kh7 28. Be3 Bg7 29. Bg8+ Rxg8 30. Qxb4 Rxe5 31. Bd4 Nd5 32. Qb7 Bc8 33. Qxa7 Rxe1+ 34. Rxe1 Nf4 35. Bxg7 Rxg7 36. Re7 Ne6 37. Rxg7+ Nxg7 38. a4 Be6 39. a5 Bc4 40. a6 Bxa6 41. Qxa6 h5 42. h3 g5 43. Qd3+ Kh6 44. Qd8 Kh7 45. Qxg5 Kh8 46. f4 h4 47. f5 Nxf5 48. Qxf5 1-0